[Event "EU-ch 23rd"]
[Site "Vrnjacka Banja"]
[Date "2023.03.06"]
[Round "4"]
[White "Bronstein, Or"]
[Black "Vujic, Mihailo"]
[Result "1-0"]
[WhiteElo "2465"]
[BlackElo "2281"]
[PlyCount "65"]
[EventDate "2023.03.03"]
[EventType "swiss"]
[EventRounds "11"]
[EventCountry "SRB"]
[SourceTitle "CBM 213"]
[Source "ChessBase"]
[SourceDate "2023.04.30"]
[SourceVersion "1"]
[SourceVersionDate "2023.04.30"]
[SourceQuality "1"]

1. d4 d5 2. c4 Nc6 3. Nc3 Nf6 4. Nf3 e6 5. Bg5 Bb4 6. e3 h6 7. Bxf6 Qxf6 8. Rc1 dxc4 9. Bxc4 0-0 10. 0-0 Bxc3 11. Rxc3 e5 12. d5 Ne7 13. Bb3 Qd6 14. Nd2 Bf5 15. e4 Bg6 16. Nc4 Qf6 17. Qe2 Nc8 18. Rfc1 Nd6 19. Nd2 Qf4 20. g3 Qg5 21. h4 Bh5 22. hxg5 Bxe2 23. gxh6 Nb5 24. Re3 Nd4 25. Rxc7 Ba6 26. hxg7 Kxg7 27. Bc4 b5 28. Bf1 Rac8 29. Rxa7 Rc2 30. Nf3 Bc8 31. Nxe5 Rc1 32. g4 Kf6 33. f4 1-0

[Event "EU-ch 23rd"]
[Site "Vrnjacka Banja"]
[Date "2023.03.05"]
[Round "3"]
[White "Vujic, Mihailo"]
[Black "Kaasen, Tor Fredrik"]
[Result "1/2-1/2"]
[WhiteElo "2281"]
[BlackElo "2464"]
[PlyCount "105"]
[EventDate "2023.03.03"]
[EventType "swiss"]
[EventRounds "11"]
[EventCountry "SRB"]
[SourceTitle "CBM 213"]
[Source "ChessBase"]
[SourceDate "2023.04.30"]
[SourceVersion "1"]
[SourceVersionDate "2023.04.30"]
[SourceQuality "1"]

1. e4 c5 2. c3 d5 3. exd5 Qxd5 4. d4 Nf6 5. Nf3 e6 6. Na3 Qd8 7. Nc2 Nc6 8. Be2 Be7 9. 0-0 0-0 10. Bf4 b6 11. Ne5 Bb7 12. Bf3 Qc8 13. Qe2 Nxe5 14. Bxb7 Qxb7 15. dxe5 Nd5 16. Qe4 b5 17. Ne3 Rab8 18. Nxd5 exd5 19. Qf3 Rfd8 20. Rad1 Qc6 21. Rfe1 Qe6 22. b3 Rd7 23. Qh5 Rbd8 24. Bg3 d4 25. cxd4 Rxd4 26. Rxd4 cxd4 27. Rd1 Qc6 28. Bh4 g6 29. Qh6 Qc2 30. Rf1 Bf8 31. Qf4 Rd5 32. Bf6 d3 33. Qe4 Qc6 34. Rd1 Qd7 35. Kf1 Bh6 36. h3 Qc6 37. f4 Qd7 38. g4 d2 39. Ke2 Rd4 40. Qa8+ Bf8 41. Bg5 f5 42. exf6 Qe6+ 43. Kf2 Rd3 44. f5 gxf5 45. Rxd2 Rxd2+ 46. Bxd2 fxg4 47. hxg4 Qxf6+ 48. Qf3 Bc5+ 49. Kg2 Qxf3+ 50. Kxf3 Kf7 51. Ke4 Ke6 52. a4 bxa4 53. bxa4 1/2-1/2

[Event "Belgrade Gligoric 100 Ann op"]
[Site "Belgrade"]
[Date "2023.02.05"]
[Round "5"]
[White "Vujic, Mihailo"]
[Black "Perunovic, Miodrag"]
[Result "0-1"]
[WhiteElo "2281"]
[BlackElo "2405"]
[PlyCount "116"]
[EventDate "2023.02.05"]
[EventType "swiss (blitz)"]
[EventRounds "11"]
[EventCountry "SRB"]
[SourceTitle "EXT 2024"]
[Source "ChessBase"]
[SourceDate "2023.10.10"]
[SourceVersion "1"]
[SourceVersionDate "2023.10.10"]
[SourceQuality "1"]

1. e4 e5 2. Bc4 Nf6 3. d4 exd4 4. Nf3 Nc6 5. 0-0 Nxe4 6. Re1 d5 7. Bxd5 Qxd5 8. Nc3 Qa5 9. Nxe4 Be6 10. Neg5 0-0-0 11. Nxe6 fxe6 12. Rxe6 Bd6 13. Bg5 Rdf8 14. Qe2 Qd5 15. Qe4 Qb5 16. Bc1 Qh5 17. h3 Re8 18. Bd2 Rxe6 19. Qxe6+ Kb8 20. Re1 a6 21. Qg4 Qd5 22. b3 g6 23. Qe4 Qc5 24. Qd3 Rf8 25. Re4 Rd8 26. Bg5 Rd7 27. Bd2 b5 28. Kf1 Be7 29. a4 Bf6 30. axb5 axb5 31. g3 Kb7 32. Kg2 Qd5 33. Kh2 Kb6 34. Qe2 d3 35. cxd3 Qxd3 36. Qxd3 Rxd3 37. Re3 Rd6 38. Bc1 b4 39. Nd2 Na5 40. Ne4 Rc6 41. Rd3 Rxc1 42. Nxf6 c5 43. Nxh7 c4 44. bxc4 b3 45. Rd2 Nxc4 46. Rd8 b2 47. Rb8+ Kc5 48. Rxb2 Nxb2 49. Nf8 Rc2 50. Kg1 Nd1 51. Nxg6 Nxf2 52. Nf4 Kd4 53. Kg2 Nd3+ 54. Kf3 Nxf4 55. gxf4 Rc3+ 56. Kg4 Ke4 57. f5 Rc1 58. f6 Rg1+ 0-1

[Event "Titled Tuesday intern op 18th Oct Late"]
[Site "Chess.com INT"]
[Date "2022.10.18"]
[Round "6"]
[White "Roque Sola, Gisela"]
[Black "Vujic, Mihailo"]
[Result "1/2-1/2"]
[WhiteElo "2061"]
[BlackElo "2311"]
[PlyCount "106"]
[EventDate "2022.10.18"]
[EventType "swiss (blitz)"]
[EventRounds "11"]
[EventCountry "USA"]
[SourceTitle "EXT 2024"]
[Source "ChessBase"]
[SourceDate "2023.10.10"]
[SourceVersion "1"]
[SourceVersionDate "2023.10.10"]
[SourceQuality "1"]

1. e4 e5 2. Nf3 Nc6 3. Bb5 f5 4. d3 fxe4 5. dxe4 Nf6 6. 0-0 Bc5 7. Bxc6 bxc6 8. Nxe5 0-0 9. Nd3 Bb6 10. Nc3 d6 11. Be3 Bxe3 12. fxe3 Ng4 13. Rxf8+ Qxf8 14. Qf3 Qxf3 15. gxf3 Nxe3 16. Ne1 Nc4 17. b3 Ne5 18. Kf2 Bd7 19. Nd3 Nxd3+ 20. cxd3 Rf8 21. Ke3 Be6 22. f4 g6 23. Rg1 Kf7 24. d4 Ke7 25. Rg5 Kd7 26. Ra5 Ra8 27. d5 cxd5 28. exd5 Bf5 29. Kd4 a6 30. b4 h6 31. b5 g5 32. fxg5 hxg5 33. bxa6 Kc8 34. Nb5 Bd7 35. Na3 Kb8 36. Nc4 Ka7 37. Ra3 Rh8 38. Ne3 Rxh2 39. Rc3 Rh4+ 40. Kd3 Bb5+ 41. Kc2 Kxa6 42. Rxc7 Kb6 43. Rg7 Rh5 44. Nf5 Kc5 45. Ng3 Rh2+ 46. Kc3 Rxa2 47. Rxg5 Ra3+ 48. Kb2 Re3 49. Nf5 Re5 50. Kc3 Bd7 51. Nxd6 Kxd6 52. Rxe5 Kxe5 53. d6 Kxd6 1/2-1/2

[Event "Titled Tuesday intern op 18th Oct Late"]
[Site "Chess.com INT"]
[Date "2022.10.18"]
[Round "9"]
[White "Vujic, Mihailo"]
[Black "Fernandez de La Vara, Arnaldo"]
[Result "0-1"]
[WhiteElo "2311"]
[BlackElo "2462"]
[PlyCount "52"]
[EventDate "2022.10.18"]
[EventType "swiss (blitz)"]
[EventRounds "11"]
[EventCountry "USA"]
[SourceTitle "EXT 2024"]
[Source "ChessBase"]
[SourceDate "2023.10.10"]
[SourceVersion "1"]
[SourceVersionDate "2023.10.10"]
[SourceQuality "1"]

1. e4 c5 2. c3 d5 3. exd5 Qxd5 4. d4 Nc6 5. Nf3 Nf6 6. Nbd2 cxd4 7. Bc4 Qd8 8. Qb3 e6 9. cxd4 Be7 10. 0-0 0-0 11. Qe3 Nd5 12. Qe4 Nf6 13. Qh4 b6 14. Bd3 Nb4 15. Bb1 Ba6 16. Re1 Bd3 17. a3 Bxb1 18. Rxb1 Nd3 19. Re3 Nxc1 20. Rxc1 Nd5 21. Qh5 Nxe3 22. fxe3 Rc8 23. Rf1 Rc2 24. Ne4 Qd5 25. Nfg5 Bxg5 26. Nxg5 Qxg2# 0-1

[Event "Titled Tuesday intern op 30th Aug Late"]
[Site "Chess.com INT"]
[Date "2022.08.30"]
[Round "9"]
[White "Vujic, Mihailo"]
[Black "Gabdushev, Ruslan"]
[Result "1-0"]
[WhiteElo "2311"]
[BlackElo "2256"]
[PlyCount "59"]
[EventDate "2022.08.30"]
[EventType "swiss (blitz)"]
[EventRounds "11"]
[EventCountry "USA"]
[SourceTitle "EXT 2023"]
[Source "ChessBase"]
[SourceDate "2022.10.05"]
[SourceVersion "1"]
[SourceVersionDate "2022.10.05"]
[SourceQuality "1"]

1. e4 Nc6 2. d4 d5 3. exd5 Qxd5 4. Nf3 e5 5. Nc3 Bb4 6. Bd2 Bxc3 7. Bxc3 e4 8. Ne5 Nxe5 9. dxe5 Ne7 10. Qe2 Bf5 11. Rd1 Qc6 12. g4 Bg6 13. Bg2 h5 14. gxh5 Bxh5 15. Bxe4 Bxe2 16. Bxc6+ Nxc6 17. Kxe2 Ke7 18. f4 Rh5 19. Kf3 Rah8 20. Rd2 Ke6 21. Ke4 g6 22. b4 a6 23. a4 Rh3 24. Rd3 Rxh2 25. Rxh2 Rxh2 26. b5 axb5 27. axb5 Ne7 28. Rd2 Rh4 29. Bb4 Nd5 30. Rxd5 1-0

[Event "Titled Tuesday intern op 02nd Aug Late"]
[Site "Chess.com INT"]
[Date "2022.08.02"]
[Round "8"]
[White "Machidon, Cristi"]
[Black "Vujic, Mihailo"]
[Result "1-0"]
[WhiteElo "2286"]
[BlackElo "2311"]
[PlyCount "131"]
[EventDate "2022.08.02"]
[EventType "swiss (blitz)"]
[EventRounds "11"]
[EventCountry "USA"]
[SourceTitle "EXT 2023"]
[Source "ChessBase"]
[SourceDate "2022.10.05"]
[SourceVersion "1"]
[SourceVersionDate "2022.10.05"]
[SourceQuality "1"]

1. d4 d5 2. Nf3 Nc6 3. c4 Bg4 4. cxd5 Bxf3 5. gxf3 Qxd5 6. e3 e5 7. Nc3 Bb4 8. a3 Bxc3+ 9. bxc3 exd4 10. cxd4 Nge7 11. Rb1 0-0-0 12. Rb5 Qd6 13. Qb3 Nf5 14. Rxf5 Nxd4 15. exd4 Rhe8+ 16. Re5 Qxd4 17. Bh3+ Kb8 18. Re3 Rxe3+ 19. fxe3 Qh4+ 20. Ke2 Qxh3 21. Rf1 Qxh2+ 22. Rf2 Qg1 23. Qc2 h5 24. e4 h4 25. Bf4 Rd7 26. Qc1 Qg6 27. Kf1 h3 28. Rd2 Qa6+ 29. Kg1 Qb6+ 30. Kh1 Rxd2 31. Qxd2 a5 32. Be3 Qd6 33. Qxd6 cxd6 34. Kh2 b5 35. Bd2 b4 36. axb4 a4 37. Bc1 Kc7 38. Kxh3 Kc6 39. Kg4 Kb5 40. Ba3 Kc4 41. f4 f6 42. Kf5 Kb3 43. b5 Kxa3 44. b6 Ka2 45. b7 a3 46. b8Q Ka1 47. Qxd6 a2 48. Qb4 g6+ 49. Kxf6 g5 50. f5 g4 51. e5 g3 52. Qc3+ Kb1 53. Qb3+ Ka1 54. Qxg3 Kb1 55. Qe1+ Kb2 56. e6 a1Q 57. Qxa1+ Kc2 58. e7 Kd2 59. e8Q Kd3 60. Qee5 Kc2 61. Qad4 Kb3 62. Qdd6 Ka2 63. Qee7 Kb1 64. Qec7 Ka2 65. Qdb6 Ka3 66. Qca7# 1-0

[Event "Titled Tuesday intern op 02nd Aug Late"]
[Site "Chess.com INT"]
[Date "2022.08.02"]
[Round "1"]
[White "Vujic, Mihailo"]
[Black "Vivekananthan, Anish"]
[Result "1-0"]
[WhiteElo "2311"]
[BlackElo "2350"]
[PlyCount "69"]
[EventDate "2022.08.02"]
[EventType "swiss (blitz)"]
[EventRounds "11"]
[EventCountry "USA"]
[SourceTitle "EXT 2023"]
[Source "ChessBase"]
[SourceDate "2022.10.05"]
[SourceVersion "1"]
[SourceVersionDate "2022.10.05"]
[SourceQuality "1"]

1. e4 c6 2. d4 d5 3. f3 dxe4 4. fxe4 e5 5. Nf3 Bg4 6. Bc4 Nd7 7. 0-0 Ngf6 8. c3 Bd6 9. Qb3 0-0 10. Qxb7 Bxf3 11. gxf3 Qe7 12. Qb3 c5 13. d5 Nh5 14. Be3 Nf4 15. Kh1 Qg5 16. Rg1 Qh5 17. Nd2 Rab8 18. Qc2 f5 19. exf5 Rxf5 20. Ne4 Qxf3+ 21. Rg2 Nxg2 22. Qxg2 Rxb2 23. Qxf3 Rxf3 24. Nxd6 Rxe3 25. Rf1 Rxc3 26. Bb3 Nf6 27. Nc4 Rbxb3 28. axb3 Rxb3 29. Nxe5 Nxd5 30. Nd7 Nf6 31. Nxc5 Rc3 32. Ne6 Kf7 33. Ng5+ Kg8 34. Rb1 h6 35. Rb8+ 1-0

[Event "Titled Tuesday intern op 19th Jul Late"]
[Site "Chess.com INT"]
[Date "2022.07.19"]
[Round "11"]
[White "Bongo Akanga Ndjila, Barthelemy"]
[Black "Vujic, Mihailo"]
[Result "1-0"]
[WhiteElo "1803"]
[BlackElo "2311"]
[PlyCount "63"]
[EventDate "2022.07.19"]
[EventType "swiss (blitz)"]
[EventRounds "11"]
[EventCountry "USA"]
[SourceTitle "EXT 2023"]
[Source "ChessBase"]
[SourceDate "2022.10.05"]
[SourceVersion "1"]
[SourceVersionDate "2022.10.05"]
[SourceQuality "1"]

1. e4 e5 2. Nf3 Nc6 3. Bb5 f5 4. Nc3 fxe4 5. Nxe4 d5 6. Nc3 e4 7. Nd4 Nf6 8. 0-0 Bd7 9. Bxc6 bxc6 10. d3 Bd6 11. dxe4 dxe4 12. Bg5 c5 13. Ndb5 Be5 14. Na3 0-0 15. Nc4 Qe7 16. Nd5 Bxh2+ 17. Kxh2 Ng4+ 18. Qxg4 Bxg4 19. Bxe7 Rf7 20. Bxc5 Rf5 21. Nce3 Rh5+ 22. Kg1 Bd7 23. Rad1 Re8 24. Nxc7 Rc8 25. Rxd7 Rxc5 26. Ne6 Re5 27. Nxg7 Kh8 28. Ngf5 Rg8 29. Rfd1 Ree8 30. c3 Rc8 31. Nd5 Rce8 32. Nf6 1-0

[Event "Titled Tuesday intern op 21st Jun Late"]
[Site "Chess.com INT"]
[Date "2022.06.21"]
[Round "11"]
[White "Vujic, Mihailo"]
[Black "Koziorowicz, Michal"]
[Result "1/2-1/2"]
[WhiteElo "2311"]
[BlackElo "2231"]
[PlyCount "159"]
[EventDate "2022.06.21"]
[EventType "swiss (blitz)"]
[EventRounds "11"]
[EventCountry "USA"]
[SourceTitle "EXT 2023"]
[Source "ChessBase"]
[SourceDate "2022.10.05"]
[SourceVersion "1"]
[SourceVersionDate "2022.10.05"]
[SourceQuality "1"]

1. e4 c5 2. Nf3 d6 3. c3 Nf6 4. Be2 Bd7 5. d3 g6 6. 0-0 Bg7 7. h3 c4 8. Bf4 cxd3 9. Bxd3 0-0 10. Qd2 Re8 11. Bh6 Bh8 12. Ng5 Nc6 13. f4 Rc8 14. Kh2 Qa5 15. b4 Qc7 16. Bc4 Nd8 17. Bb3 e6 18. f5 d5+ 19. Kg1 dxe4 20. fxg6 hxg6 21. Qf2 Qb6 22. Qxb6 axb6 23. Nd2 Rxc3 24. Ndxe4 Nxe4 25. Nxe4 Rxb3 26. axb3 f5 27. Nd6 Bxa1 28. Rxa1 Kh7 29. Nxe8 Kxh6 30. Nd6 Nc6 31. b5 Ne7 32. Nxb7 Bxb5 33. Nd8 e5 34. Nf7+ Kg7 35. Nxe5 Kf6 36. Nf3 Bc6 37. Ra6 Nc8 38. Nd4 Bb7 39. Ra3 Ke5 40. Nf3+ Kf4 41. b4 g5 42. Kf2 g4 43. g3+ Ke4 44. Re3+ Kd5 45. hxg4 fxg4 46. Ne5 Nd6 47. Nxg4 Ne4+ 48. Ke1 Kc4 49. Ne5+ Kd4 50. Rxe4+ Bxe4 51. Nd7 b5 52. Nc5 Bg6 53. Kd2 Kc4 54. Na6 Be4 55. Ke3 Bb7 56. Nc7 Kxb4 57. Kd4 Bf3 58. Ne6 Ka3 59. Nc5 b4 60. Ke3 Bh5 61. Kf4 Kb2 62. g4 Be8 63. Nd3+ Kc3 64. Nxb4 Kxb4 65. Ke5 Kc5 66. Kf6 Kd6 67. g5 Bh5 68. g6 Bf3 69. g7 Bd5 70. Kg6 Bg8 71. Kf6 Kd7 72. Kg6 Ke7 73. Kh6 Ke6 74. Kg5 Ke5 75. Kh6 Kf6 76. Kh5 Kf5 77. Kh4 Kf6 78. Kh5 Bh7 79. Kh4 Bg8 80. Kh5 1/2-1/2

[Event "Titled Tuesday intern op 24th May Late"]
[Site "Chess.com INT"]
[Date "2022.05.24"]
[Round "11"]
[White "Vujic, Mihailo"]
[Black "Estrada Nieto, Julian"]
[Result "1-0"]
[WhiteElo "2311"]
[BlackElo "2263"]
[PlyCount "75"]
[EventDate "2022.05.24"]
[EventType "swiss (blitz)"]
[EventRounds "11"]
[EventCountry "USA"]
[SourceTitle "EXT 2023"]
[Source "ChessBase"]
[SourceDate "2022.10.05"]
[SourceVersion "1"]
[SourceVersionDate "2022.10.05"]
[SourceQuality "1"]

1. e4 e5 2. Bc4 Nc6 3. Nf3 Bc5 4. b4 Bb6 5. Bb2 d6 6. b5 Na5 7. Be2 Nf6 8. Nc3 0-0 9. 0-0 Re8 10. d3 d5 11. exd5 Nxd5 12. Nxd5 Qxd5 13. c4 Qd6 14. Nd2 Bf5 15. Nb3 Nxb3 16. axb3 Rad8 17. Ba3 Bc5 18. Bxc5 Qxc5 19. b4 Qd4 20. Qa4 Bxd3 21. Bxd3 Qxd3 22. Qxa7 Qxc4 23. Rfc1 Qxb5 24. Rxc7 Rd7 25. Rxd7 Qxd7 26. Rc1 h6 27. h3 e4 28. Qb6 Rc8 29. Rc5 Rxc5 30. bxc5 Qc6 31. Qd8+ Kh7 32. Qd4 f5 33. g3 Qf6 34. Qd5 e3 35. fxe3 Qg5 36. Kf2 Qf6 37. Qxb7 Qe5 38. Qb6 1-0

[Event "Titled Tuesday intern op 24th May Late"]
[Site "Chess.com INT"]
[Date "2022.05.24"]
[Round "7"]
[White "Vujic, Mihailo"]
[Black "Jeet, Jain"]
[Result "1-0"]
[WhiteElo "2311"]
[BlackElo "2204"]
[PlyCount "63"]
[EventDate "2022.05.24"]
[EventType "swiss (blitz)"]
[EventRounds "11"]
[EventCountry "USA"]
[SourceTitle "EXT 2023"]
[Source "ChessBase"]
[SourceDate "2022.10.05"]
[SourceVersion "1"]
[SourceVersionDate "2022.10.05"]
[SourceQuality "1"]

1. e4 c6 2. d4 d5 3. Nc3 g6 4. Nf3 Bg7 5. Bf4 Bg4 6. h3 Bxf3 7. Qxf3 e6 8. 0-0-0 Nd7 9. exd5 cxd5 10. Nxd5 Rc8 11. Nc3 Ngf6 12. Bd6 Qb6 13. Ba3 Bf8 14. Bxf8 Kxf8 15. Bd3 Kg7 16. g4 Qa5 17. h4 h5 18. g5 Ne8 19. d5 e5 20. Rhe1 Nd6 21. Kb1 b5 22. Ne4 Nf5 23. Nf6 Nd4 24. Qe4 Nxf6 25. gxf6+ Kh7 26. Qxe5 Nf3 27. Qe7 Rhf8 28. Re3 Nd2+ 29. Ka1 Nc4 30. Bxg6+ Kh8 31. Bd3 Nxe3 32. Qxe3 1-0